00342nam a2200157Ia 450000100040000000500170000400800410002104100080006208200130007010000290008324500190011226000090013130000280014065000080016865400080017679020260306140544.0260306t2017||||xx |||||||||||||| ||spa|| aESP a170bA12 aMacIntyre, AlasdaireAUT 0aTras la virtud c2017 a350 páginas :c19 cm. aGEN aCHU